000 00386nam a22001217a 4500
003 SGT
082 _a891.4309
_b2004
100 _aप्रताप अभय
245 _a बहुराष्ट्रीय विश्व व्यवस्था में भारत
260 _bस्वराज प्रकाशन समूह
_c2004
300 _a96
942 _2ddc
_cBK
999 _c32077
_d32077